[Event "Titled Tuesday intern op 09th Jan Early"]
[Site "Chess.com INT"]
[Date "2024.01.09"]
[Round "11"]
[White "Yelisieiev, Yevhenii"]
[Black "Ghosh, Chanchal Kumer"]
[Result "1-0"]
[WhiteElo "2418"]
[BlackElo "2026"]
[PlyCount "193"]
[EventDate "2024.01.09"]
[EventType "swiss (blitz)"]
[EventRounds "11"]
[EventCountry "USA"]
[SourceTitle "CB03_2024"]
[SourceDate "2024.01.17"]
[SourceVersion "1"]
[SourceVersionDate "2024.01.17"]
[SourceQuality "1"]

1. d4 d5 2. Nf3 e6 3. c4 Nf6 4. Nc3 c6 5. Bg5 Be7 6. e3 0-0 7. Qc2 Nbd7 8. cxd5 exd5 9. Bd3 h6 10. Bh4 Re8 11. 0-0 Ne4 12. Bxe7 Qxe7 13. Bxe4 dxe4 14. Nd2 f5 15. Rfb1 Qg5 16. b4 Nf6 17. Nf1 Re6 18. b5 Ng4 19. bxc6 Rxc6 20. Qb3+ Kh8 21. d5 Rg6 22. Ng3 h5 23. Nce2 h4 24. Nf4 hxg3 25. Nxg6+ Qxg6 26. hxg3 Qh5 27. Qa4 b6 28. d6 Be6 29. d7 Rd8 30. Rd1 Qh2+ 31. Kf1 Qh1+ 32. Ke2 Qxg2 33. Rh1+ Kg8 34. Raf1 Rxd7 35. Ke1 Qf3 36. Qc2 Rd3 37. Qe2 Qxe2+ 38. Kxe2 Bc4 39. Rc1 Rc3+ 40. Kd2 Rd3+ 41. Ke1 Bxa2 42. Rc8+ Kf7 43. Rc7+ Kf6 44. Rxa7 Bb3 45. Ra1 Ne5 46. Kf1 Bd5 47. Rb1 Nc4 48. Kg2 Rd2 49. Kg1 Bc6 50. Rh8 b5 51. Rc8 Bd5 52. Rxb5 Be6 53. Rc6 Rd1+ 54. Kg2 Ne5 55. g4 Nxc6 56. gxf5 Bxf5 57. Rb6 Rc1 58. f3 exf3+ 59. Kxf3 Be6 60. e4 Ke5 61. Rb5+ Kd6 62. Rg5 Rf1+ 63. Ke2 Rf7 64. Ke3 Ne5 65. Rg1 Nc4+ 66. Kd4 Rf2 67. Rxg7 Rd2+ 68. Kc3 Ke5 69. Rg5+ Kf6 70. Rc5 Re2 71. Kd3 Re3+ 72. Kd4 Re1 73. Rc6 Ne5 74. Ra6 Rd1+ 75. Ke3 Re1+ 76. Kf4 Rf1+ 77. Ke3 Rf3+ 78. Kd4 Rd3+ 79. Kc5 Rd1 80. Kb4 Nd7 81. Kc3 Ke5 82. Kc2 Rd4 83. Ra5+ Kxe4 84. Kc3 Rd5 85. Ra4+ Ke5 86. Ra1 Kd6 87. Re1 Nc5 88. Ra1 Ne4+ 89. Kc2 Rd2+ 90. Kc1 Rh2 91. Ra6+ Ke5 92. Ra5+ Kd4 93. Ra4+ Bc4 94. Ra8 Rh1+ 95. Kb2 Rh2+ 96. Kc1 Kc3 97. Kd1 1-0

[Event "Titled Tuesday intern op 19th Dec Early"]
[Site "Chess.com INT"]
[Date "2023.12.19"]
[Round "2"]
[White "Bowden, Karl"]
[Black "Ghosh, Chanchal Kumer"]
[Result "1-0"]
[WhiteElo "2348"]
[BlackElo "2026"]
[PlyCount "31"]
[EventDate "2023.12.19"]
[EventType "swiss (blitz)"]
[EventRounds "11"]
[EventCountry "USA"]
[SourceTitle "CB52_2023"]
[SourceDate "2023.12.27"]
[SourceVersion "1"]
[SourceVersionDate "2023.12.27"]
[SourceQuality "1"]

1. e4 c5 2. c3 d5 3. exd5 Qxd5 4. d4 cxd4 5. cxd4 Nc6 6. Nf3 Bg4 7. Nc3 Qe6+ 8. Be3 0-0-0 9. Rc1 Kb8 10. d5 Qf6 11. Qa4 Bxf3 12. gxf3 Qxf3 13. dxc6 Qxc6 14. Qxa7+ Kc8 15. Nb5 Qxc1+ 16. Bxc1 1-0

[Event "Titled Tuesday intern op 19th Dec Early"]
[Site "Chess.com INT"]
[Date "2023.12.19"]
[Round "10"]
[White "Ghosh, Chanchal Kumer"]
[Black "Vargas, Mauricio"]
[Result "0-1"]
[WhiteElo "2026"]
[BlackElo "1981"]
[PlyCount "40"]
[EventDate "2023.12.19"]
[EventType "swiss (blitz)"]
[EventRounds "11"]
[EventCountry "USA"]
[SourceTitle "CB52_2023"]
[SourceDate "2023.12.27"]
[SourceVersion "1"]
[SourceVersionDate "2023.12.27"]
[SourceQuality "1"]

1. e4 d5 2. exd5 Qxd5 3. Nc3 Qa5 4. d4 c6 5. Nf3 Nf6 6. Bc4 Bg4 7. Bd2 Qc7 8. Qe2 e6 9. h3 Bf5 10. 0-0 Bd6 11. Bg5 Nbd7 12. Rfe1 0-0 13. Nh4 Bg6 14. Nxg6 hxg6 15. Ne4 Nxe4 16. Qxe4 Rae8 17. Bb3 Nf6 18. c4 Nxe4 19. Rxe4 e5 20. dxe5 Rxe5 0-1

[Event "Titled Tuesday intern op 19th Dec Early"]
[Site "Chess.com INT"]
[Date "2023.12.19"]
[Round "5"]
[White "Nord, Alexander"]
[Black "Ghosh, Chanchal Kumer"]
[Result "1-0"]
[WhiteElo "2197"]
[BlackElo "2026"]
[PlyCount "115"]
[EventDate "2023.12.19"]
[EventType "swiss (blitz)"]
[EventRounds "11"]
[EventCountry "USA"]
[SourceTitle "CB52_2023"]
[SourceDate "2023.12.27"]
[SourceVersion "1"]
[SourceVersionDate "2023.12.27"]
[SourceQuality "1"]

1. b3 d5 2. Bb2 e6 3. Nf3 c5 4. e3 Nc6 5. Bb5 Qb6 6. Qe2 Nf6 7. 0-0 Be7 8. Ne5 0-0 9. Bxc6 bxc6 10. f4 Bd6 11. g4 Ba6 12. d3 c4 13. g5 Bxe5 14. Bxe5 Nd7 15. Bb2 cxd3 16. cxd3 Qb5 17. Rd1 Nc5 18. Na3 Qb4 19. Rac1 Rfc8 20. Qc2 Nd7 21. Nb1 c5 22. Ba1 Rab8 23. Qb2 f6 24. Nc3 c4 25. dxc4 Bxc4 26. bxc4 Qxb2 27. Bxb2 Rxb2 28. cxd5 exd5 29. Nxd5 Rxc1 30. Rxc1 Rxa2 31. Rc8+ Kf7 32. Rc7 Ke6 33. Nb4 Ra1+ 34. Kg2 fxg5 35. Nc2 Ra2 36. Kf3 gxf4 37. exf4 Kd6 38. Rc8 Nb6 39. Rc3 Nd5 40. Rc8 Kd7 41. Rc5 Kd6 42. Rxd5+ Kxd5 43. Nb4+ Kc4 44. Nxa2 a5 45. Ke4 Kb3 46. Nc1+ Kb2 47. Nd3+ Kc3 48. Nc5 Kc4 49. Na4 Kb4 50. Nb6 Kb5 51. Nd5 Kc4 52. Ke5 Kc5 53. Nc3 Kc4 54. Na4 Kb4 55. Nb6 Kb5 56. Nd5 Kc5 57. Nc3 Kc4 58. Nb1 1-0